| Tag |
First Indicator |
Second Indicator |
Subfields |
| LEADER |
00000cam a2200000 i 4500 |
| 001 |
in00003849421 |
| 005 |
20170926113412.0 |
| 008 |
161006t20172017nyua b s001 0 eng |
| 010 |
|
|
|a 2016031433
|
| 020 |
|
|
|a 9781438465678
|q hardcover
|q alkaline paper
|
| 020 |
|
|
|a 143846567X
|q hardcover
|q alkaline paper
|
| 035 |
|
|
|a (OCoLC)ocn961828674
|
| 040 |
|
|
|a DLC
|e rda
|c DLC
|d UtOrBLW
|
| 043 |
|
|
|a e-uk---
|
| 049 |
|
|
|a TXAM
|
| 050 |
0 |
0 |
|a PR468.A56
|b B74 2017
|
| 082 |
0 |
0 |
|a 820.9/007
|2 23
|
| 100 |
1 |
|
|a Broglio, Ron,
|d 1966-
|e author.
|0 http://id.loc.gov/authorities/names/n2007045900
|
| 245 |
1 |
0 |
|a Beasts of burden :
|b biopolitics, labor, and animal life in British Romanticism /
|c Ron Broglio.
|
| 264 |
|
1 |
|a Albany :
|b State University of New York Press,
|c [2017]
|
| 264 |
|
4 |
|c ©2017
|
| 300 |
|
|
|a xiii, 163 pages :
|b illustrations ;
|c 24 cm.
|
| 336 |
|
|
|a text
|b txt
|2 rdacontent
|
| 337 |
|
|
|a unmediated
|b n
|2 rdamedia
|
| 338 |
|
|
|a volume
|b nc
|2 rdacarrier
|
| 490 |
1 |
|
|a SUNY series, Studies in the long nineteenth century
|
| 504 |
|
|
|a Includes bibliographical references and index.
|
| 505 |
0 |
|
|a Animal life and rural labor : literary and material resistance in biopolitical Britain -- Docile numbers and stubborn bodies : population and the problem of multitude -- On vulnerability : studies from life that ought not to be copied -- Wonder as resistance : sheep, fairies, and James Hogg the Ettrick Shepherd -- Animal dwelling in natural history : Thomas Bewick, George Stubbs, and corporality -- Man proposes, animality disposes : antihuman Landseer with implications for biopolitical Britain -- Afterword : romanticism in the dust of this planet.
|
| 650 |
|
0 |
|a English literature
|y 19th century
|x History and criticism.
|0 http://id.loc.gov/authorities/subjects/sh2008102754
|
| 650 |
|
0 |
|a Animals in literature.
|0 http://id.loc.gov/authorities/subjects/sh85005284
|
| 650 |
|
0 |
|a Human-animal relationships in literature.
|0 http://id.loc.gov/authorities/subjects/sh00001227
|
| 650 |
|
0 |
|a Farm life in literature.
|0 http://id.loc.gov/authorities/subjects/sh85047220
|
| 650 |
|
0 |
|a Animals in art.
|0 http://id.loc.gov/authorities/subjects/sh85005283
|
| 650 |
|
0 |
|a Romanticism
|z Great Britain.
|0 http://id.loc.gov/authorities/subjects/sh2008111021
|
| 830 |
|
0 |
|a SUNY series, studies in the long nineteenth century.
|0 http://id.loc.gov/authorities/names/n00030210
|
| 945 |
|
|
|b 17893
|
| 947 |
|
|
|a A14850033839
|
| 948 |
|
|
|a cataloged
|b h
|c 2017/3/21
|d c
|e dmitchel
|f 3:30:30 pm
|
| 994 |
|
|
|a 92
|b TXA
|
| 999 |
f |
f |
|s 354f8660-2384-3461-8bde-41e10d4a4cbe
|i 2687532b-6eb1-36da-92fc-f9606b89a389
|t 0
|
| 952 |
f |
f |
|p normal
|a Texas A&M University
|b College Station
|c Sterling C. Evans Library
|d Evans: Library Stacks
|t 0
|e PR468.A56 B74 2017
|h Library of Congress classification
|i unmediated -- volume
|m A14850033839
|
| 998 |
f |
f |
|a PR468.A56 B74 2017
|t 0
|l Evans: Library Stacks
|